000
00302nam a22001337a 4500
008
250710b |||||||| |||| 00| 0 eng d
020
_a
NIL
050
_a
HJ65
_b
.B43
100
_a
BHATIA, H . L
245
_a
Public Finance
260
_a
India
_b
Viskas Publishing
_c
1987
300
_a
686p.
942
_c
BK
999
_c
4254
_d
4254